000 00501nab a2200145Ia 4500
003 ES-SlBCS
005 20210601133744.0
008 140529s1991 xxu||||| |||| 00| 0 por d
041 _apor
100 1 _aVieira, Luiz Renato
_9209278
245 0 0 _aEntre o sociologismo e o individualismo: consideraçoes sobre a sociologia de Pierre Bourdieu
_c Luiz Renato Vieira
600 1 4 _aBourdieu, Pierre
_9130626
773 0 _tEducaçao e Filosofia
_gvol. 8, nº. 16, 1991, págs. 285-300
_wRev1534
942 _cAR
999 _c601592
_d601592